EA FC25 Dreamchasers - Statistics

General Stats
  • This quiz has been taken 7 times
  • The average score is 29 of 52
Answer Stats
Rate Club Nation Gender Answer % Correct
95 Bayern England Male Harry Kane
100%
95 Real Madrid France Male Kylian Mbappe
83%
95 Liverpool Egypt Male Mohamed Salah
83%
94 Barcelona Spain Female Alexia Putellas
67%
93 Liverpool Brazil Male Alisson
67%
93 Arsenal England Male Ethan Nwaneri
67%
94 Barcelona Poland Female Ewa Pajor
67%
94 Real Madrid Uruguay Male Federico Valverde
67%
93 Arsenal Brazil Male Gabriel
67%
94 Bayern Germany Male Joshua Kimmich
67%
94 Man City Jamaica Female Khadija Shaw
67%
94 Inter Argentina Male Lautaro Martinez
67%
92 Aston Villa Jamaica Male Leon Bailey
67%
94 Real Madrid Colombia Female Linda Caicedo
67%
93 Atletico Madrid Spain Male Marcos Llorente
67%
92 Dortmund Germany Male Nico Schlotterbeck
67%
93 PSG Portugal Male Nuno Mendes
67%
93 PSG France Male Ousmane Dembele
67%
95 Barcelona Poland Male Robert Lewandowski
67%
88 Jagiellonia Angola Male Afimico Pululu
50%
92 Atletico Madrid Argentina Male Angel Correa
50%
90 Roma Spain Male Angelino
50%
92 Spurs England Male Archie Gray
50%
92 Real Madrid Scotland Female Caroline Weir
50%
94 Lyon France Female Diani
50%
89 Real Betis Argentina Male Ezequiel Avila
50%
94 Leverkusen Germany Male Florian Wirtz
50%
88 Feyenoord Spain Male Hugo Bueno
50%
91 Frankfurt Sweden Male Hugo Larsson
50%
92 Arsenal Ireland Female Katie McCabe
50%
92 Arsenal Spain Female Mariona
50%
89 Viktoria Plzen Czech Rep Male Matej Vydra
50%
88 Fiorentina Argentina Male Matias Moreno
50%
91 Man United Netherlands Male Matthijs de Ligt
50%
89 Rangers Albania Male Nedim Bajrami
50%
88 Rapid Wien Serbia Male Nenad Cvetkovic
50%
90 Benfica Turkey Male Orkun Kokcu
50%
89 Bodo/Glimt Norway Male Patrick Berg
50%
91 Lazio Spain Male Pedro
50%
92 Bayern Denmark Female Pernille Harder
50%
88 Man United Denmark Male Rasmus Hojlund
50%
91 Spurs Uruguay Male Rodrigo Bentancur
50%
91 Wolfsburg Iceland Female Sveindis Jonsdottir
50%
91 Real Sociedad Japan Male Takefusa Kubo
50%
88 Chelsea England Male Tyrique George
50%
94 Lyon France Female Wendie Renard
50%
89 Athletic Club Spain Male Aitor
33%
92 Chelsea USA Female Catarina Macario
33%
90 Aston Villa Spain Male Marco Asensio
33%
88 Lugano Italy Male Mattia Zanotti
33%
92 Lyon France Male Rayan Cherki
33%
90 Frankfurt Iceland Male Hakan Haraldsson
17%
No matching quizzes found
Score Distribution
Percent of People with Each Score
Percentile by Number Answered
Your Score History
You have not taken this quiz